000 00616nam a22002177a 4500
005 20251108170812.0
008 250721s1992 xx 000 0 ara d
020 _a9770236128
082 1 4 _aط/ 591/لمو
100 1 _aلمون، روبرت
245 1 0 _aالغريب في عالم الحيوان /
250 _aط.7
264 1 _aالقاهرة :
_bدار المعارف،
_c1992.
300 _a119ص.
490 0 _aكل شىء عن
_v11
650 1 7 _aالحيوانات
653 _aناشئون صغار (10-14) سنة
700 1 _aعطا، كامل
_eTran.
942 _2ddc
_cBK
999 _c49327
_d49327